000 00784nam a2200229 a 4500
001 47892
003 BD-RjUL
005 20211209054422.0
008 160810s1996 bg ||||| |||| 00| f ben d
020 _a9844013615
_c: Tk. 60.00
035 _a(BD-RjUL) 48011
040 _aBD-RjUL
_bben
_cBD-RjUL
041 _aben
082 _223
_a891.443
_bGOM 1996
100 1 _aগোপ, রবীন্দ্র
_9145357
245 1 0 _aমুক্তিযুদ্ধের গল্প /
_cরবীন্দ্র গোপ
260 _aঢাকা :
_bআগামী প্রকাশন,
_c১৯৯৬
300 _a৮৬ পৃ. ;
_c২১ সেমি.
650 _aবাংলা উপন্যাস
_9145358
650 _aBengali Fiction
_9145359
942 _2ddc
_cBK
_01
999 _c47892
_d47892